000
00308nam a22001337a 4500
008
181012b xxu||||| |||| 00| 0 eng d
020
_a
9780071845090
041
_a
eng
080
_a
610
100
_a
4
101
_a
SHM
245
_a
Current Medical Diagnosis & Treatment
_c
Padakis,M.A
942
_2
udc
_c
BK
999
_c
49529
_d
49529